000 00744nam a2200205Ia 4500
005 20260121110337.0
008 008 260114s9999 xx 000 0 hin d
020 _a9788132356615
037 _aEBOOK
040 _aCRL
_bhin
_cCRL
041 _ahin
_2hin
084 _qCRL
100 _aसुधांशु मिश्रा / Prasannjeet Yadav
_9945009
245 0 _aपुस्तकालय सामग्री: परिरक्षण एवं संरक्षण / Pustakalay Samagri: Parirakshan aur Sanrakshan
260 _bभाषा प्रकाशन / Bhasha Prakashan
_c2021
856 _uhttps://bhashaprakashan.com/product-details/378798
942 _cEBOOK
999 _c1536673
_d1536673